Verificación de modelos ARIMA univariantes utilizados para el pronóstico del consumo de energía y la cantidad de clientes de la CNFL S.A., mediante TRAMO-SEATS
Na minha lista:
| Autor principal: | |
|---|---|
| Outros Autores: | |
| Formato: | Livro |
| Idioma: | Spanish |
| Publicado em: |
[San José], Costa Rica
2014
|
| Assuntos: | |
| Tags: |
Adicionar Tag
Sem tags, seja o primeiro a adicionar uma tag!
|
MARC
| LEADER | 00000nam a22000007a 4500 | ||
|---|---|---|---|
| 003 | 012027 | ||
| 005 | 20230627151142.0 | ||
| 008 | 150220b2014 cr a|||| |||| 00| ||spa d | ||
| 040 | |c cru CEDI | ||
| 100 | |9 804 |a Alpízar Barahona, Fabricio Alberto, 1987- | ||
| 245 | |a Verificación de modelos ARIMA univariantes utilizados para el pronóstico del consumo de energía y la cantidad de clientes de la CNFL S.A., mediante TRAMO-SEATS | ||
| 260 | |a [San José], Costa Rica |c 2014 | ||
| 500 | |a Proyecto de graduación (bachillerato en ingeniería eléctrica)-- Universidad de Costa Rica. Facultad de Ingeniería. Escuela de Ingeniería Eléctrica | ||
| 501 | |a Profesor Guía de IE-0499 Proyecto Eléctrico: M.I. Raúl Fernández Vásquez | ||
| 610 | 0 | |9 772 |a COMPAÑIA NACIONAL DE FUERZA Y LUZ (COSTA RICA) | |
| 651 | |x MODELOS DE BOX JENKINS |x DEMANDA DE ENERGIA ELECTRICA - PREDICCIONES - METODOS ESTADISTICOS |x ANALISIS DE SERIES DE TIEMPO - MODELOS MATEMATICOS |x CONSUMO DE ENERGIA ELECTRICA - PREDICCIONES - METODOS ESTADISTICOS |9 202 | ||
| 700 | |9 803 |a Fernández Vásquez, Raúl Gerardo, 1984- |d Director de Proyecto Eléctrico | ||
| 942 | |c CEDI |h TFG 7193 |6 TFG_7193_000000000000000 | ||
| 999 | |c 13586 |d 13586 | ||
